000 00833nam a22002417a 4500
005 20130218124652.0
008 130218t xxu||||| |||| 00| 0 eng d
010 _aENG-106665
020 _a9789381075579
_c295.00
035 _aEN-90198
037 _bDBAD/PUB
040 _aDPL
_bEng
082 _a620.00151
100 _945189
_aRao, G. Shanker
245 _aTextbook of engineering mathematics /
_cby G. Shanker Rao
250 _aVol.I
260 _aHyderabad
_bBS Publications
_c2012
270 _a4-4-309, Giriraj Lane, Sultan Bazar
_bHyderabad
_e500095
300 _axiii, 537p.
_c24cm(pbk)
700 _945280
942 _2ddc
_cEN
_h620.00151
_mRAO
999 _c73654
_d73654